توشكى : اقتصادياً - سياسياً - اجتماعياً - إيجابيات - سلبيات /

تلقيت فى منتصف عام 1999 دعوة من المجلس الوطنى للثقافة والفنون والآداب فى الكويت لإعداد كتاب النظام الاقتصادى الدولى المعاصر لنشرة فى سلسلة عالم المعرفة التى تصدر عن هذا المجلس ....

全面介绍

Saved in:
书目详细资料
主要作者: شلبي، ثروت محمد
格式: 图书
语言:阿拉伯语
出版: القاهرة : دار الكتاب الحديث، 1999.
主题:
标签: 添加标签
没有标签, 成为第一个标记此记录!

MARC

LEADER 00000nam a22000007a 4500
003 INP
005 20181119225058.0
008 141117s1999 ua frb 00 0 ara d
952 |0 0  |1 0  |4 0  |6 338_700000000000000_ث_ت  |7 0  |8 arabic_Boo  |9 12727  |a INP  |b INP  |c MAIN  |d 2018-08-01  |l 0  |o 338.7 ث ت  |p 013657  |r 2022-03-28 00:00:00  |w 2018-08-01  |y BK  |0 0 
999 |c 12547  |d 12547 
040 |a EG-INP  |c EG-INP  |b ara 
082 0 4 |a 338.7  |b ث ت  |2 21 
100 1 |a شلبي، ثروت محمد. 
245 1 0 |a توشكى :   |b اقتصادياً - سياسياً - اجتماعياً - إيجابيات - سلبيات /   |c ثروت محمد شلبي. 
260 |a القاهرة :   |b دار الكتاب الحديث،   |c 1999. 
300 |a 182 ص. ؛   |c 24 سم. 
504 |a يشتمل على إرجاعات ببليوجرافية. 
520 |a تلقيت فى منتصف عام 1999 دعوة من المجلس الوطنى للثقافة والفنون والآداب فى الكويت لإعداد كتاب النظام الاقتصادى الدولى المعاصر لنشرة فى سلسلة عالم المعرفة التى تصدر عن هذا المجلس . 
650 7 |a التنمية الاقتصادية.  |2 qrmak 
650 7 |a الأحوال الاقتصادية.  |2 qrmak 
650 7 |a التخطيط الاقتصادي.  |2 qrmak 
901 |a EGPV4 
902 |a EGPV10 
903 |a original 
942 |c BK  |2 ddc